[Event "Barcelona Sants op 21st"]
[Site "Barcelona"]
[Date "2019.08.25"]
[Round "3"]
[White "Planella Sanchez, Jordi"]
[Black "Dominguez Garcia, Jose Manuel"]
[Result "1-0"]
[WhiteElo "1919"]
[BlackElo "1791"]
[PlyCount "57"]
[EventDate "2019.08.23"]
[EventType "swiss"]
[EventRounds "10"]
[EventCountry "ESP"]
[SourceTitle "EXT 2020"]
[Source "ChessBase"]
[SourceDate "2019.10.17"]
[SourceVersion "1"]
[SourceVersionDate "2019.10.17"]
[SourceQuality "1"]

1. d4 g6 2. e4 Bg7 3. Bc4 d6 4. Be3 Nd7 5. Qd2 a6 6. Ne2 e6 7. f3 b5 8. Bb3 c5 9. c3 Qc7 10. 0-0 Ngf6 11. Na3 Nb6 12. Rac1 0-0 13. Ng3 Bb7 14. Qf2 c4 15. Bc2 Nbd7 16. h3 Rad8 17. f4 Qb8 18. Nb1 h5 19. Nd2 Qa8 20. e5 Nd5 21. Nge4 Nxe3 22. Qxe3 Bxe4 23. Nxe4 d5 24. Ng5 Rfe8 25. g4 hxg4 26. hxg4 Bh6 27. Qh3 Bxg5 28. fxg5 Re7 29. Rf6 1-0